| 000 | 00490nam a2200169Ia 4500 | ||
|---|---|---|---|
| 008 | 240729s9999 xx 000 0 und d | ||
| 022 | _a2357-0520 | ||
| 245 | 0 | _aJournal of Veterinary Medical Research | |
| 260 | _aEgypt | ||
| 260 | _bFaculty of Veterinary Medicine, Beni-Suef University | ||
| 650 | _a Animal culture | ||
| 650 | _a Veterinary medicine | ||
| 650 | _aAgriculture | ||
| 856 | _uhttps://doaj.org/toc/a3f43de99eec4cdc9b453146b628bd83 | ||
| 942 | _2ddc | ||
| 942 | _cDOAJEJ | ||
| 999 |
_c70089 _d70089 |
||
| 945 |
_a1 _bMadushi Gamage _c1 _dMadushi Gamage |
||